Normal view
MARC view
- Gatagán, Constantino,
Entry Nombre Personal
001 - NUMERO DE CONTROL
- campo de control: 45636
003 - IDENTIFICADOR DE NUMERO DE CONTROL
- campo de control: UPN
005 - FECHA Y HORA DE LA ÜLTIMA TRANSACCIÓN
- campo de control: 20220912124350.0
008 - DATOS DE LONGITUD FIJA
- campo de control de longitud fija: 220810nn acannaabn n aaa d
040 ## - FUENTE DE CATALOGACIÓN
- Agencia original de catalogación: UPN
100 1# - ENCABEZAMIENTO - NOMBRE PERSONAL
- Nombre personal: Gatagán, Constantino,
- Fechas asociadas con el nombre: 1951-2005
400 1# - VEÁSE - NOMBRE DE PERSONA
- Personal name: Gatagán, Tino,
- Dates associated with a name: 1951-2005
670 ## - FUENTE EN LA QUE SE LOCALIZARON DATOS
- Enlace: LC/P
680 ## - NOTA PUBLICA DE ACCESO PÚBLICO
- Frase explicativa de la referencia: Ilustrador y pintor español
902 ## - CATALOGADOR
- Catalogador: CAA/100822
